000 01311cam a22003497a 4500
003 CHAP
005 20220329140114.0
008 971013s1982 r 00010 d
010 _a47023
011 _a47995
035 _a52139
040 _cCHAP
090 _aFolleto 9013
100 0 0 _aValdés Ugalde, Francisco.
_9117369
245 1 4 _aUna aproximación al análisis de relaciones entre empresarios y gobierno en México, 1970-76
260 _aMéxico, D.F. :
_bCIDE. Departamento de Estudios Políticos,
_c1982?
300 _a16 p.
490 0 _aAvances de investigación
_v; 1
500 _aPonencia presentada en: Congreso Mundial de Sociología X. agosto de 1982, México, D.F.
590 _aBATCH-UPD
_b10
_c20130110
_lUCH01
_h0219
590 _aBATCH-UPD
_b10
_c20130110
_lUCH01
_h1921
590 _aBATCH-UPD
_b10
_c20130409
_lUCH01
_h2238
590 _aBATCH-UPD
_b10
_c20130410
_lUCH01
_h1247
590 _aBATCH-UPD
_b10
_c20130914
_lUCH01
_h0431
590 _aCONVERSION
_b10
_c20130109
_lUCH01
_h1326
650 1 4 _aIndustria y Estado
_xMéxico.
_957919
830 0 _aAvances de investigación
_v; 1
_98476
901 _aBK
942 _cFOLL
949 _aFolleto 9013
_bBC
_cFOLL
_d-116308
_eTS1
_gI.c/e
_i52139
_si
_t87.00
949 _aFolleto 9013
_bBC
_cFOLL
_d-116309
_eTS2
_fc.2
_gI.c/e
_i52139
_si
_t87.00
999 _c47023
_d47023